00846nam a2200241 a 450000100060000000300080000600500170001400800410003102000180007203500190009004000260010904100080013508200220014324500770016526000400024230000310028250400510031365000270036470000370039194200120042899900170044095201470045786173BD-RjUL20260216104537.0260216s2019 nyu||||| |||| 00| 0 eng d a9781682856116 a(BD-RjUL)86173 aBD-RjULbengcBD-RjUL aeng 223a351bPUB 2019 aPublic Administration and Governance cEdited by Esther Randall (Editor) a[New York] :bWillford Press,c2019 avi, 228 p.:bill.;c28 cm. aIncludes bibliographical references and index. aPublic administration. aRandall, Esther (Editor)917714 2ddccBK c86173d86173 00102ddc40718NFICaRUCLbRUCLcReadingd2026-02-15eBook Finder, Dhakag9008.00l0o351 PUB 2019r2026-02-16 00:00:00tC-1w2026-02-16yBK